The Zone Quiz Stats

 Plays Quiz not verified by Sporcle

Challenge
Share
Tweet
Embed
Score 0/15 Timer 07:00
0 Plays Today
Hint Zone % Correct
popular store that sells car partsAuto Zone
93.5%
keeping one's head in the game or Britney Spears's fourth studio albumIn the Zone
80.4%
a fantasy/science fiction television series that usually ended with an unexpected twistThe Twilight Zone
76.1%
While this mixture of gases is harmful close to Earth, it protects us from ultraviolet rays higher up.ozone
65.2%
not paying attention for a brief momentzoning out
63%
the point where something starts to become hazardousdanger zone
56.5%
an eating plan that involves precise proportions by weight of protein, fat and carbohydrateZone diet
26.1%
the point to which a person can easily accomplish what they are trying to docomfort zone
15.2%
Hint Zone % Correct
a computer antivirus software developed by CheckPoint SoftwareZoneAlarm
4.3%
an all-natural, portable nutrition bar brandZonePerfect
4.3%
the difference between what a learner can do without help and what he or she can do with helpzone of proximal development
2.2%
the famous first area of the original Sonic the Hedgehog video gameGreen Hill Zone
2.2%
the area in which a specific category of plant life is capable of growinghardiness zone
0%
a portion of the namespace in the naming system for many things related to computersDNS Zone
0%
alternate name for the MSN Games online video game siteZone.com
0%

You're not logged in!

Compare scores with friends on all Sporcle quizzes.
Join for Free
OR
Log In

You Might Also Like...

Show Comments

Extras

Created Apr 21, 2010ReportFavoriteNominate
Tags:zone

Top Quizzes Today


Score Distribution

Your Account Isn't Verified!

In order to create a playlist on Sporcle, you need to verify the email address you used during registration. Go to your Sporcle Settings to finish the process.

Report this User

Report this user for behavior that violates our Community Guidelines.

Details: